| 000 | 00462nam a2200157 i 4500 | ||
|---|---|---|---|
| 001 | 65315 | ||
| 003 | ES-MaACL | ||
| 005 | 20230906165339.0 | ||
| 007 | t| | ||
| 008 | 040112s1965 sp ||||1| spa d | ||
| 100 | 1 |
_aFreira, Carlos J. _952454 |
|
| 245 | 1 | 0 |
_aCartas a Laila _b: escritas entre los aƱos 1927 a 1932 / _cCarlos J. Freira. |
| 260 |
_aBilbao : _bAlrededor de la Mesa, _c1965. |
||
| 300 |
_aXIV p. ; _c22 cm. |
||
| 852 |
_aES-MaACL _j2046-F-7 _bR.57329 |
||
| 999 |
_c65315 _d65315 |
||